CISA : certified information systems auditor (Record no. 182712)

MARC details
000 -LEADER
fixed length control field 00419nam a2200157Ia 4500
005 - DATE AND TIME OF LATEST TRANSACTION
control field 20250429122026.0
008 - FIXED-LENGTH DATA ELEMENTS--GENERAL INFORMATION
fixed length control field 231217s9999 xx 000 0 und d
020 ## - INTERNATIONAL STANDARD BOOK NUMBER
International Standard Book Number 9780789732729
082 ## - DEWEY DECIMAL CLASSIFICATION NUMBER
Classification number 004.076 KEE;1 R
100 ## - MAIN ENTRY--PERSONAL NAME
Personal name Keele, Allen. Mortier, Keith.
245 #0 - TITLE STATEMENT
Title CISA : certified information systems auditor
260 ## - PUBLICATION, DISTRIBUTION, ETC. (IMPRINT)
Date of publication, distribution, etc. 2005
Name of publisher, distributor, etc. Que Certification
Place of publication, distribution, etc. US
300 ## - PHYSICAL DESCRIPTION
Extent xxxvi+420
650 ## - SUBJECT ADDED ENTRY--TOPICAL TERM
Topical term or geographic name as entry element aaa
942 ## - ADDED ENTRY ELEMENTS (KOHA)
Koha item type Books
Holdings
Date last seen Total Checkouts Full call number Accession number Old discount Price effective from Category Lost status Damaged status Department Withdrawn status bill date Permanent Location Current Location Shelving location Entry date Vendor Grants Currency symbol Conversion rate Discount Discount type
26/01/2024   004.076 KEE;1 R 53478   26/01/2024 Books     Central Library   31/08/2012 Central Library Central Library Central Library 12/03/2009 Publisher DONATED RS 1   Rupees

© For any Suggestions or Query, please contact the library staff @ librarian@pes.edu or Phone: +9180 2672 1983/ 2108.